| 000 | 00513nam a2200193Ia 4500 | ||
|---|---|---|---|
| 005 | 20250508153526.0 | ||
| 008 | 008 250505s9999 xx 000 0 eng d | ||
| 037 | _aBooks to be hide in OPAC | ||
| 040 |
_aFEDL _beng _cFEDL |
||
| 041 |
_aeng _2eng |
||
| 084 | _qFEDL | ||
| 245 | 0 | _aEngineering sciences | |
| 260 |
_aWashington, USA _bU.S. Government Printing Office |
||
| 300 | _a51p. | ||
| 490 | _aDescription of professions | ||
| 546 | _aPamphlet No. 2 | ||
| 942 | _cHB | ||
| 999 |
_c1343495 _d1343495 |
||